Quick Pick: Literary Professors Quiz Stats

 Plays Quiz Updated Dec 27, 2017

Challenge
Share
Tweet
Embed
Score 0/10 Timer 01:00
0 Plays Today
% Correct
Harry Potter Series
91.4%
Captain Underpants
86.2%
Sherlock Holmes Series
85.1%
The Da Vinci Code
80.9%
Dracula
79.7%
The Chronicles of Narnia
47.2%
The Adventures of Tintin
41.9%
Wonder Boys
35.9%
Foundation Series
32.3%
At the Mountains of Madness
31.1%

Today's Daily Dose

Word Ladder
Bruno Mars Song

Get the Picture
Japanese Cars

You're not logged in!

Compare scores with friends on all Sporcle quizzes.
OR
Log In

You Might Also Like...

Show Comments

Extras

Top Quizzes Today


Score Distribution

Your Account Isn't Verified!

In order to create a playlist on Sporcle, you need to verify the email address you used during registration. Go to your Sporcle Settings to finish the process.

Report this User

Report this user for behavior that violates our Community Guidelines.

Details: